| 000 | 00898nmm a2200265 a 4500 | ||
|---|---|---|---|
| 001 | ocm0001221784 | ||
| 003 | TR-IsHL | ||
| 005 | 20201028154640.0 | ||
| 008 | 131219s2002 tu tur | ||
| 007 | cr cn | ||
| 035 |
_a1221784 _b(N$T) |
||
| 050 | 0 | 4 |
_aHC492 _b.T87 2002 |
| 090 | 0 | 4 |
_aHC492 _b.T87 2002 |
| 245 | 1 | 0 |
_aTürkiye ekonomisi 2002: 2001 yılı değerlendirmesi 2002 yılı beklentileri _h[electronic resource] |
| 260 |
_aİstanbul : _bMÜSİAD, _c2002 |
||
| 300 | _a161 p. | ||
| 650 | 4 | _aEkonomi ve Finans | |
| 650 | 4 | _aEconomics and Finance | |
| 650 | 0 |
_aEkonomi _x Türkiye |
|
| 650 | 0 |
_aEconomics _x Turkey |
|
| 650 | 0 |
_aTürkiye _x Ekonomi politikası |
|
| 650 | 0 |
_aTurkey _x Economic policy |
|
| 650 | 7 |
_aBUSINESS & ECONOMICS / Economic Conditions _2bisacsh |
|
| 856 | 4 | 0 | _uhttp://search.ebscohost.com/login.aspx?direct=true&scope=site&db=e011xww&AN=1221784 |
| 999 |
_c12686 _d12686 |
||